Wszystkie piosenki Taco Hemingway 2022 - Statystyki

Ogólne statystyki
  • Ten quiz został rozwiązany 34 razy
    10 od ostatniego zresetowania
  • Średni wynik to 75 z 187
Statystyki odpowiedzi
Album Tytuł % Poprawnych
Marmur (2016) Marmur
88%
Trójkąt
88%
35
75%
Singiel (2015) 6 Zer
75%
8 kobiet
75%
8 kobiet - Remix
75%
Chodź
75%
Mięso
75%
Następna stacja
75%
Szprycer (2017) Nostalgia
75%
Singiel (2020) POLSKIE TANGO
75%
Polskie Tango
75%
Tamagotchi
75%
Tamagotchi - Remix
75%
Visa
75%
VISA - Remix
75%
Witaj w hotelu Marmur
75%
Wszystko Jedno
75%
Żyrandol
75%
+4822
63%
ALERT RCB
63%
Feat - schafter (2019) bigos
63%
Dele
63%
Singiel (2016) Deszcz Na Betonie
63%
Deszcz na betonie (?)
63%
Europa
63%
Soma 0,5 mg (2018) Intro
63%
Koła
63%
Krwawa jesień
63%
Kryptowaluty
63%
LECI NOWY FUTURE
63%
Mgła I (Siwe włosy)
63%
Feat - Otsochodzi (2017) Nowy Kolor
63%
Saldo '07
63%
SANATORIUM
63%
Soma
63%
Świecące prostokąty
63%
Trójkąt Warszawski (2014) Szlugi I Kalafiory
63%
TIJUANA
63%
Tlen
63%
Wiem
63%
Wiem - Remix
63%
Wosk (2016) Wosk
63%
100 kmh
50%
900729
50%
Feat - Oki (2022) ADHD
50%
Awizo
50%
BXL
50%
Feat - Bedoes (2019) Chłopaki nie płaczą
50%
POCZTÓWKA Z WWA,LATO '19 (2019) CZŁOWIEK Z DZIURĄZAMIAST KRTANI
50%
Fiji
50%
Głupi byt
50%
Grubo-chude psy
50%
I.S.W.T
50%
Jak cień
50%
KABRIOLETY
50%
Karimata (Mute)
50%
Feat - Mata (2021) Kurtz
50%
Luck
50%
Europa (2020) Luxembourg
50%
2020 Label (2023) Malibu Barbie
50%
Marsz, Marsz
50%
Metalica 808
50%
Mgła II (Mówisz, masz)
50%
Mleko & Miód
50%
Umowa o Dzieło (2015) Od Zera
50%
Pokédex
50%
Portier!
50%
(Przerywnik)
50%
Feat - Otsochodzi (2017) SumieNIE
50%
Feat - Otsochodzi (2018) SumieNIE - Asfalt 20 Remix
50%
Świat Jest WFem
50%
Szczerze
50%
To by było na tyle
50%
Feat - Quebonafide (2020) TOKYO2020
50%
Tsunami blond
50%
Wiatr
50%
W PIĄTKI LEŻĘ W WANNIE
50%
WUJEK DOBRA RADA
50%
WWA VHS
50%
Żywot
50%
2031
38%
515
38%
Adieu
38%
A mówiłem ci
38%
ANTYSMOGOWA MASKAW MOIM CARRY-ON BAGGAGE
38%
Art-B
38%
Białkoholicy
38%
C3PO
38%
Café Belga (2018) Café Belga
38%
2020 Label (2022) club2020
38%
Feat - 2115 (2022) DRESSCODE
38%
Ekodiesel
38%
Ekodiesel - Remix
38%
(Bonus Track) GBP Freestyle
38%
Giro d'Italia
38%
Grand Prix
38%
Influenza
38%
Jarmark (2020) Łańcuch I: Kiosk
38%
Singiel (2020) Michael Essien Birthday Party
38%
Moje demony uciekłyna urlop
38%
Feat - Sokół (2019) Napad na bankiet
38%
Nie Mam Czasu
38%
Nóż
38%
Ortalion
38%
Outro
38%
Panie, to Wyście!
38%
PIN
38%
POL Smoke
38%
Ściany mają uszy
38%
Ślepe sumy
38%
(Bonus Track) Sznycel
38%
Sztylet
38%
TLC
38%
Toskania Outro
38%
Singiel (2015) Tunarzywo
38%
WWA NIE Berlin
38%
ZTM
38%
1990s Utopia
25%
4 AM in Girona
25%
Abonent jest czasowoniedostępny
25%
(Bonus Track) ALGORYTM
25%
Anja
25%
Flagey EP (2018) Bakayoko
25%
Benevento
25%
Big Pharma
25%
Blueberries
25%
Chewbacca
25%
Czarna kawa czeka
25%
Dwuzłotówki Dancing
25%
Young Hems (2013) Fuck Your List
25%
Italodisco
25%
Łańcuch III: Korpo
25%
Łańcuch II: Korek
25%
Soma 0,25 mg (2018) Leonardo
25%
Listening To ArcticMonkeys
25%
Modigliani
25%
Motorola
25%
Na Paryskie Getto Pada Deszcz
25%
Reżyseria: Kubrick
25%
Feat - Quebonafide (2020) ROMANTICPSYCHO
25%
Feat - Bedoes (2019) SAUVAGE
25%
Sectumsempra
25%
W.N.P
25%
Wszystko na niby
25%
WYTRAWNE (Z NUTĄDESPERACJI)
25%
Feat - Gedz (2020) Yin Yang
25%
Feat - Gedz (2021) Yin Yang - Remix
25%
Feat - Gedz (2021) Yin Yang - Remix 2
25%
22
13%
Feat - Pezet (2019) 2K30
13%
Feat - Artur Rojek (2020) A miało być jak we śnie
13%
Bonfire (Remix)
13%
Booze to Glug
13%
Feat - Rasmentalism (2018) Fast food
13%
Gods, Mammals, Birds
13%
Halle Berry
13%
Krusty's Children
13%
Larry David Flow
13%
Feat - Sokół (2015) Lek Przeciwbólowy
13%
Feat - Rasmentalism (2020) Lip sync
13%
Feat - Bedoes (2019) Lost
13%
Who Killed JFK (2011) Nevermore
13%
Feat - Kizo (2019) Niebieski Bentley
13%
Nie Ufam Sobie Sam
13%
Normal Man /Pop Vulture
13%
Not Like Hov
13%
Feat - Kaz Bałagane (2020) Nowe Szklane Domy
13%
Odd Mammal
13%
Off/On
13%
Pieniądz i Terror
13%
Pireneje
13%
Feat - Małe Miasta (2015) Postaranie
13%
2020 Label (2023) Przypływ
13%
Redwinebeer
13%
Stormtrooper with Horns
13%
Such a Pretty Child
13%
Szczękościsk
13%
Twenty Two
13%
Twists
13%
(Bonus Track) WIELKI GATSBY ZBENZYNOWEJ STACJI
13%
Brilliant
0%
Fake Tits/Ghosts
0%
Feat - TUZZA Globale (2020) HAUTE COUTURE
0%
Feat - CatchUp (2021) Patrol
0%
Feat - Catz 'n Dogz (2019) Yi Fang
0%
Nie znaleziono quizów pasujących do podanych kryteriów
Rozkład punktacji
Procent ludzi z każdym wynikiem
Percentyl według liczby udzielonych odpowiedzi
Twoja historia wyników
Nie rozwiązałeś tego quizu od ostatniego zresetowania